Matemáticas financieras

Bibliographic Details
Main Author: Zima, Pert
Format: Section = Libro
Language:Undetermined
Spanish
Published: México McGraw-Hill 2005
Edition:2a.ed.
Subjects:
LEADER 00606nam a2200229Ia 4500
008 240829s9999 xx 000 0 und d
020 |a 970-10-5498-9 
040 |a BIBLIOTECA-RUPAP 510 Z71 
041 |a spa 
082 |a 510 Z71 
100 1 |a Zima, Pert 
245 1 0 |a Matemáticas financieras 
250 |a 2a.ed. 
260 |a México  |b McGraw-Hill  |c 2005 
300 |a 459 p. :il. 
650 7 |a MATEMATICA FINANCIERA 
650 7 |b  EXPONENTES Y LOGARITMOS 
650 7 |c  INTERES SIMPLE 
650 7 |d  DEPRECIACION. I. Brown, Robert L, coaut. II. Tít. 
942 |c BK  |2 ddc 
991 |a TEXTO 
999 |c 7855